000 00392 a2200109 4500
001 ART_6495
005 20260410161620.0
008 260409a
245 1 0 _aLa actuación del contador como perito. Conocimientos que debe poseer y dificultades que se pueden presentar en su actuación
100 1 _aRodríguez, Raquel E.
773 0 _tEnfoques
_g- Nº 6 (jun. 2009)
_wREV416
999 _c11430
_d11430